000 00515nam a2200193Ia 4500
003 OSt
005 20221007083143.0
006 a|||||r|||| 00| 0
007 ta
008 221006b |||||||| |||| 00| 0 eng d
024 _a23,371
037 _cDissertations
040 _aFLL
_cFLL
_beng
041 _2eng
_aeng
100 _aKushwaha B.S.
_9700361
245 0 _aDenial of constitutional protection in cases of compulsory retirement
942 _cDIS
_2CC
999 _c1169015
_d1169015